Samuel Johnson
Guardat en:
| Autor principal: | |
|---|---|
| Format: | Llibre |
| Idioma: | espanyol |
| Publicat: |
Buenos Aires
Sudamericana
1947
|
| Edició: | 1a. ed |
| Col·lecció: | Biografías
|
| Matèries: | |
| Etiquetes: |
Afegir etiqueta
Sense etiquetes, Sigues el primer a etiquetar aquest registre!
|
MARC
| LEADER | 00000cam a2200000 a 4500 | ||
|---|---|---|---|
| 001 | UCD4546 | ||
| 003 | CL-VaPUC | ||
| 008 | 160713e19470000ag |||||||||||||||||spa|d | ||
| 082 | 0 | 4 | |a 823.09 |b KRU |2 21 |
| 100 | |a Krutch, Joseph Wood |e author |9 588272 | ||
| 245 | 1 | 0 | |a Samuel Johnson |
| 250 | |a 1a. ed | ||
| 300 | |a 701 p | ||
| 942 | |c BK | ||
| 945 | |d 20160713 20:53:00 |a dcastane | ||
| 260 | |a Buenos Aires |b Sudamericana |c 1947 | ||
| 600 | 0 | |a Johnson, Samuel |d 1709-1784 |9 418085 | |
| 650 | 0 | |a Biografías |9 255210 | |
| 650 | 0 | |a Escritores ingleses |9 389424 | |
| 650 | 7 | |a PROSA INGLESA |2 CL-VaPUC |9 319416 | |
| 583 | |a last modification |c 20160713 20:53:00 |k Rodrigo Vera | ||
| 490 | 0 | |a Biografías | |
| 999 | |c 365438 |d 365436 | ||
| 952 | |0 0 |1 0 |3 erd |4 0 |6 823_090000000000000_KRU_1947 |7 0 |8 A |9 479301 |a FDOHBE |b FDOHBE |e Huesbe Llanos, Marco Antonio, 1934- |i 5309069 |o 823.09 KRU 1947 |p 5309069 |r 2024-01-30 |w 2019-11-24 |y BK |z Catalogado en:20160713 |k HBE | ||